Poets of the Fall - All Songs - Statistics

General Stats
  • This quiz has been taken 277 times
  • The average score is 65 of 98
Answer Stats
Answer % Correct
Fire
92%
Lift
92%
Carnival of Rust
91%
Jealous Gods
88%
Late Goodbye
87%
Revolution Roulette
87%
Temple of Thought
87%
War
87%
Daze
86%
Given and Denied
85%
Firedancer
84%
Sleep
81%
Illusion & Dream
80%
Roses
79%
Rogue
75%
Angel
74%
Dreaming Wide Awake
74%
Stay
74%
The Game
74%
3 AM
73%
False Kings
73%
Locking Up the Sun
73%
More
73%
Overboard
73%
Choice Millionaire
72%
Dancing on Broken Glass
72%
The Happy Song
72%
All the Way / 4U
71%
Moonlight Kissed
71%
Shallow
71%
Diamonds for Tears
70%
Don't Mess with Me
70%
Miss Impossible
70%
Love Will Come to You
69%
Revelations
69%
Fragile
68%
Signs of Life
68%
Someone Special
68%
Dawn
67%
Drama for Life
67%
King of Fools
67%
Lust for Life
67%
Passion Colors Everything
67%
Skin
67%
The Sweet Escape
67%
Cradled in Love
66%
Rebirth
66%
Standstill
66%
Chasing Echoes
65%
Children of the Sun
65%
Hello Cabaret
65%
Heroes and Villains
65%
Kamikaze Love
65%
Psychosis
65%
Rumors
65%
Running Out of Time
65%
Smoke and Mirrors
65%
Sounds of Yesterday
65%
The Child in Me
64%
15 Min Flame
63%
Beyond the Horizon
63%
Clevermind
63%
Delicious
63%
Change
62%
Clear Blue Sky
62%
Everything Fades
62%
Shadow Play
62%
Sorry Go 'Round
62%
Desire
61%
Seek You Out
61%
The Distance
61%
The Labyrinth
61%
Gravity
60%
Rewind
60%
The Lie Eternal
60%
Brighter Than the Sun
59%
Save Me
59%
The Ultimate Fling
59%
Weaver of Dreams
59%
Center Stage
58%
Choir of Cicadas
58%
Crystalline
58%
Hounds to Hamartia
58%
Maybe Tomorrow is a Better Day
58%
You're Still Here
57%
Heal My Wounds
56%
Nothing Stays the Same
56%
Morning Tide
55%
Show Me This Life
55%
Dying to Live
54%
Where Do We Draw the Line
54%
Fool's Paradise
50%
Moments Before the Storm
49%
My Dark Disquiet
46%
Requiem for My Harlequin
45%
In a Perfect World
29%
Once Upon a Playground Rainy
27%
The Ballad of Jeremiah Peacekeeper
26%
No matching quizzes found
Score Distribution
Percent of People with Each Score
Percentile by Number Answered
Your Score History
You have not taken this quiz